Score 0/22 Timer 01:30
0 Plays Today
Movie Color % Correct
______ SubmarineYellow
99.4%
The _____ MileGreen
99.1%
The Hunt for ___ OctoberRed
99%
Pretty in ____Pink
98.8%
A Clockwork ______Orange
98.6%
The Picture of Dorian ____Gray
98.6%
The Curse of the _____ PearlBlack
98.4%
The ____ LagoonBlue
98.2%
_____ ChristmasWhite
97.9%
The Color ______Purple
97.8%
Jackie _____Brown
95.7%
Movie Color % Correct
____ White and the HuntsmanSnow
86.8%
The ____ RushGold
74.4%
_______ TideCrimson
72.9%
____ SealsNavy
64.7%
______ Fishing in the Yemen Salmon
63.9%
______ StreakSilver
51.8%
La Vie en ____Rose
45.2%
The ________ Hill MobLavender
29.4%
The Curse of the ____ ScorpionJade
21.6%
The _______ ForestEmerald
15.2%
Wild ______Orchid
9.9%

Today's Daily Dose

Remove Ads.
Support Sporcle.
Get the best of Sporcle when you Go Orange. This ad-free experience offers more features, more stats, and more fun while also helping to support Sporcle. Thank you for becoming a member.

You're not logged in!

Compare scores with friends on all Sporcle quizzes.
OR
Log In

Show Comments

Extras

Top Quizzes Today


Score Distribution

Your Account Isn't Verified!

In order to create a playlist on Sporcle, you need to verify the email address you used during registration. Go to your Sporcle Settings to finish the process.

Report this User

Report this user for behavior that violates our Community Guidelines.

Details: